000
00197nam a2200085Ia 4500
008
120527s9999 xx 000 0 und d
100
_a
Bayer, Ronald
245
_a
Confronting drug policy
942
_c
BK
999
_c
27748
_d
27748